| 000 | 01010nas a2200337 4500 | ||
|---|---|---|---|
| 001 | BR2010002395 | ||
| 003 | BR-BrBNA | ||
| 005 | 20231205115340.0 | ||
| 007 | ta | ||
| 008 | 230509b bl.|||p| |||| 00| 00por d | ||
| 040 |
_aBR-BrBNA _bpor _cBiblioteca Nacional de Agricultura |
||
| 041 | _a(Pt) | ||
| 072 | _aF01; F02 | ||
| 100 | 1 | _aVilla, F. | |
| 100 | 1 | _aPasqual, M. | |
| 100 | 1 | _aAssis, F.A. de | |
| 100 | 1 | _aAssis, G.A. de | |
| 100 | 1 | _aZárraga, D.Z.A. | |
| 245 | 1 | _aMicropropagação de duas espécies frutíferas, em meio de cultura DSD1, modificado com fontes de boro e zinco | |
| 650 | _aFRUTICULTURA | ||
| 650 | _aMICROPROPAGAÇÃO | ||
| 650 | _aÁRVORE FRUTÍFERA | ||
| 650 | _aAMORA PRETA | ||
| 650 | _aUVA | ||
| 650 | _aÁCIDO BÓRICO | ||
| 650 | _aSULFATO DE ZINCO | ||
| 650 | _aIN VITRO | ||
| 773 | 0 |
_tCiência e Agrotecnologia (Brazil) _x1413-7054 _g(Mar-Apr 2009), v. 33(2) p. 468-472 _wBR2010002395 |
|
| 909 |
_a202311 _bLúcia _c55 _dLúcia Elande |
||
| 942 |
_2AGRIS _n0 _cANA |
||
| 999 |
_c213348 _d213348 |
||